[Event "9MCRV_F"]
[Site "?"]
[Date "2009.??.??"]
[Round "2"]
[White "Pecka, Josef"]
[Black "Hladecek, Miloslav"]
[Result "1/2-1/2"]
[WhiteElo "2292"]
[BlackElo "2374"]
[PlyCount "64"]
[EventDate "2009.??.??"]
[EventType "corr"]
[EventRounds "2"]

1. e4 e6 2. d4 d5 3. Nc3 Nf6 4. Bg5 dxe4 5. Nxe4 Nbd7 6. Nxf6+ Nxf6 7. Nf3 h6
8. Bh4 c5 9. Bc4 cxd4 10. O-O Bd7 11. Qe2 Qb6 12. Rad1 Be7 13. Nxd4 O-O 14. Nf5
exf5 15. Bxf6 Bxf6 16. Rxd7 Qxb2 17. Bb3 Rad8 18. Rxb7 Qd4 19. Qh5 Rd7 20. Rxd7
Qxd7 21. Rd1 Qc8 22. g3 f4 23. gxf4 Bd8 24. Re1 Qd7 25. Bd5 Qd6 26. Qf5 g6 27.
Qe4 Kg7 28. c4 Bc7 29. Qe5+ Qxe5 30. fxe5 Rb8 31. Kg2 g5 32. Re3 Re8 1/2-1/2

[Event "9MCRV_F"]
[Site "?"]
[Date "2009.??.??"]
[Round "2"]
[White "Pecka, Josef"]
[Black "Jirku, Jaroslav"]
[Result "1/2-1/2"]
[WhiteElo "2292"]
[BlackElo "2316"]
[PlyCount "45"]
[EventDate "2009.??.??"]
[EventType "corr"]
[EventRounds "2"]

1. e4 e5 2. f4 exf4 3. Bc4 Nf6 4. Nc3 c6 5. Bb3 d5 6. exd5 cxd5 7. d4 Bd6 8.
Nge2 O-O 9. Bxf4 Bxf4 10. Nxf4 Re8+ 11. Nfe2 Ng4 12. O-O Ne3 13. Qd3 Nxf1 14.
Rxf1 Be6 15. Nf4 Nc6 16. Ncxd5 Bxd5 17. Bxd5 Qe7 18. Nh5 Kh8 19. c3 Rad8 20.
Nxg7 Rxd5 21. Nxe8 Qxe8 22. Qf3 Rd7 23. Qf6+ 1/2-1/2

[Event "9MCRV_F"]
[Site "?"]
[Date "2009.??.??"]
[Round "2"]
[White "Pecka, Josef"]
[Black "Kuta, Jiri"]
[Result "1/2-1/2"]
[WhiteElo "2292"]
[BlackElo "2375"]
[PlyCount "57"]
[EventDate "2009.??.??"]
[EventType "corr"]
[EventRounds "2"]

1. e4 e5 2. f4 exf4 3. Bc4 Nf6 4. Nc3 c6 5. Bb3 d5 6. exd5 cxd5 7. d4 Bd6 8.
Nge2 O-O 9. Bxf4 Bxf4 10. Nxf4 Re8+ 11. Nfe2 b5 12. a3 Nc6 13. O-O Bg4 14. Qd3
Bxe2 15. Nxe2 Na5 16. Ng3 Nxb3 17. Qxb3 g6 18. Qf3 Kg7 19. Qf4 h6 20. Rf3 Rc8
21. Raf1 Rc6 22. h4 Re7 23. h5 Rce6 24. c3 Qd6 25. Qh4 Nh7 26. hxg6 fxg6 27.
Qg4 Ng5 28. Rf8 Qc7 29. R8f2 1/2-1/2

[Event "9MCRV_F"]
[Site "?"]
[Date "2009.??.??"]
[Round "2"]
[White "Pecka, Josef"]
[Black "Valak, Alois"]
[Result "1/2-1/2"]
[WhiteElo "2292"]
[BlackElo "2335"]
[PlyCount "83"]
[EventDate "2009.??.??"]
[EventType "corr"]
[EventRounds "2"]

1. e4 e5 2. f4 exf4 3. Bc4 Nf6 4. Nc3 c6 5. Bb3 d5 6. exd5 Nxd5 7. Nxd5 cxd5 8.
d4 Qh4+ 9. Kf1 Be6 10. Nf3 Qf6 11. Qe2 Nc6 12. Bxd5 Nxd4 13. Nxd4 Qxd4 14. Bxe6
fxe6 15. Qxe6+ Be7 16. Ke2 Rd8 17. Kf3 Rd6 18. Qe4 Qxe4+ 19. Kxe4 f3 20. gxf3
Re6+ 21. Kf5 Re2 22. Kg4 O-O 23. f4 Rxc2 24. Be3 Rxb2 25. Rab1 Rxb1 26. Rxb1 b6
27. Rc1 Re8 28. Kf3 Bf6 29. a4 Kf7 30. a5 bxa5 31. Rc7+ Re7 32. Rc5 a4 33. Ra5
Bc3 34. Rxa4 a5 35. Rc4 Bb4 36. Rc8 Rb7 37. Ra8 Kg6 38. Ke4 Kh5 39. f5 Re7+ 40.
Kf4 Bc3 41. Bb6 Re2 42. Bxa5 1/2-1/2

[Event "9MCRV_F"]
[Site "?"]
[Date "2009.??.??"]
[Round "2"]
[White "Sykora, Josef"]
[Black "Hladecek, Miloslav"]
[Result "0-1"]
[WhiteElo "2314"]
[BlackElo "2374"]
[PlyCount "74"]
[EventDate "2009.??.??"]
[EventType "corr"]
[EventRounds "2"]

1. c4 e5 2. g3 Nf6 3. Bg2 Bc5 4. Nc3 Nc6 5. e3 O-O 6. a3 d6 7. Nge2 Bb6 8. O-O
Bf5 9. d3 Qd7 10. b4 Bh3 11. Bb2 a5 12. b5 Bxg2 13. Kxg2 Ne7 14. h3 Qe6 15. Qd2
Nd7 16. Na4 Ba7 17. Bc3 h5 18. Bxa5 c6 19. Bb4 h4 20. g4 f5 21. g5 f4 22. exf4
c5 23. Bc3 Bb8 24. Nb2 d5 25. Bxe5 Nxe5 26. fxe5 Bxe5 27. f4 Bxb2 28. Qxb2 Nf5
29. Rf3 Rae8 30. Ng1 Nd4 31. Rf2 Qe3 32. cxd5 Rxf4 33. Rxf4 Qxf4 34. Rf1 Qxg5+
35. Kh1 Nf5 36. Rf3 Ng3+ 37. Kh2 Re1 0-1

[Event "9MCRV_F"]
[Site "?"]
[Date "2009.??.??"]
[Round "2"]
[White "Sykora, Josef"]
[Black "Jirku, Jaroslav"]
[Result "1/2-1/2"]
[WhiteElo "2314"]
[BlackElo "2316"]
[PlyCount "80"]
[EventDate "2009.??.??"]
[EventType "corr"]
[EventRounds "2"]

1. c4 c5 2. g3 g6 3. Bg2 Bg7 4. Nc3 Nc6 5. a3 d6 6. Rb1 a5 7. e3 Nh6 8. Nge2
Nf5 9. b3 O-O 10. Bb2 Bd7 11. O-O Re8 12. Qc2 Rb8 13. f4 Na7 14. Nd5 b5 15.
Bxg7 Nxg7 16. d4 e6 17. Ndc3 Qe7 18. Qd2 b4 19. axb4 axb4 20. Ne4 Bc6 21. Ra1
Bxe4 22. Bxe4 d5 23. Bg2 dxc4 24. bxc4 Red8 25. g4 Nc8 26. Qb2 Nb6 27. Qb3 Qc7
28. Rfc1 Ne8 29. Ra2 Nd6 30. Bf3 Rdc8 31. Kg2 Qd8 32. Rac2 g5 33. h3 Rc7 34.
Ng3 gxf4 35. exf4 Ndxc4 36. Rxc4 Nxc4 37. Rxc4 cxd4 38. Rxb4 Rxb4 39. Qxb4 Rc2+
40. Kf1 Rc1+ 1/2-1/2

[Event "9MCRV_F"]
[Site "?"]
[Date "2009.??.??"]
[Round "2"]
[White "Sykora, Josef"]
[Black "Kuta, Jiri"]
[Result "1/2-1/2"]
[WhiteElo "2314"]
[BlackElo "2375"]
[PlyCount "60"]
[EventDate "2009.??.??"]
[EventType "corr"]
[EventRounds "2"]

1. c4 e5 2. g3 Nf6 3. Bg2 Bc5 4. Nc3 Nc6 5. e3 O-O 6. a3 a6 7. Nge2 d6 8. O-O
Ba7 9. d3 h6 10. h3 Ne7 11. b4 c6 12. Bb2 Be6 13. Qc2 Qd7 14. Kh2 b5 15. Rad1
d5 16. Nb1 Bb8 17. Nd2 bxc4 18. dxc4 a5 19. Nb3 axb4 20. axb4 Qc8 21. Nc5 Bf5
22. Qb3 Bd6 23. cxd5 Rb8 24. e4 Bxc5 25. exf5 Nfxd5 26. Bxe5 Rxb4 27. Qc2 Qxf5
28. Qxc5 Qxe5 29. Nd4 Rb6 30. Bxd5 Nxd5 1/2-1/2

[Event "9MCRV_F"]
[Site "?"]
[Date "2009.??.??"]
[Round "2"]
[White "Sykora, Josef"]
[Black "Valak, Alois"]
[Result "1/2-1/2"]
[WhiteElo "2314"]
[BlackElo "2335"]
[PlyCount "68"]
[EventDate "2009.??.??"]
[EventType "corr"]
[EventRounds "2"]

1. c4 Nf6 2. g3 e5 3. Bg2 Nc6 4. Nc3 Bc5 5. e3 d6 6. Nge2 O-O 7. O-O Bg4 8. h3
Bd7 9. d3 Bb6 10. a3 Ne7 11. d4 Qc8 12. Kh2 exd4 13. Nxd4 Nc6 14. Nf3 Ne5 15.
Nxe5 dxe5 16. Nd5 Nxd5 17. Qxd5 Be6 18. Qxb7 Qxb7 19. Bxb7 Bxc4 20. Bxa8 Bxf1
21. Bc6 Rd8 22. b4 Rd6 23. Be4 Bd3 24. Bxd3 Rxd3 25. a4 a5 26. bxa5 Bxa5 27.
Rb1 f6 28. Kg2 Rd1 29. Rb5 Bc3 30. Bb2 Bxb2 31. Rxb2 Ra1 32. Rb4 Kf7 33. Rc4 c5
34. Rxc5 Rxa4 1/2-1/2

[Event "9MCRV_F"]
[Site "?"]
[Date "2009.??.??"]
[Round "2"]
[White "Valak, Alois"]
[Black "Hladecek, Miloslav"]
[Result "1/2-1/2"]
[WhiteElo "2335"]
[BlackElo "2374"]
[PlyCount "56"]
[EventDate "2009.??.??"]
[EventType "corr"]
[EventRounds "2"]

1. d4 Nf6 2. c4 c5 3. d5 d6 4. Nc3 g6 5. Nf3 Bg7 6. e4 O-O 7. h3 a6 8. Qb3 e5
9. Bd3 Nh5 10. Ne2 Nd7 11. O-O Rb8 12. a4 b6 13. Bg5 Qe8 14. Qc2 a5 15. Rfe1
Ra8 16. Qb3 h6 17. Be3 f5 18. Nc3 f4 19. Bd2 Qd8 20. Qd1 Nb8 21. Bf1 Nf6 22.
Nh4 Kh7 23. Nb5 Na6 24. Bc3 Nb4 25. Qd2 Qe7 26. Nf3 Bb7 27. b3 Rae8 28. Bd3 Qd7
1/2-1/2

[Event "9MCRV_F"]
[Site "?"]
[Date "2009.??.??"]
[Round "2"]
[White "Valak, Alois"]
[Black "Kuta, Jiri"]
[Result "1-0"]
[WhiteElo "2335"]
[BlackElo "2375"]
[PlyCount "61"]
[EventDate "2009.??.??"]
[EventType "corr"]
[EventRounds "2"]

1. d4 Nf6 2. c4 c5 3. d5 b5 4. Nf3 Bb7 5. Bf4 d6 6. e4 Nxe4 7. Bd3 Nf6 8. O-O
g6 9. Qb3 Qd7 10. Re1 Bg7 11. Nc3 b4 12. Ne4 Nxe4 13. Bxe4 O-O 14. Rad1 a5 15.
Qc2 a4 16. Qc1 Re8 17. Bh6 Bf6 18. Rd3 Qc7 19. h4 Nd7 20. h5 a3 21. b3 Nf8 22.
Bxf8 Rxf8 23. Ng5 Kg7 24. hxg6 Bxg5 25. Qxg5 f6 26. Qf4 h6 27. Rde3 Rad8 28.
Bc2 e5 29. dxe6 Qe7 30. Rh3 Rh8 31. Rh5 1-0

[Event "9MCRV_F"]
[Site "?"]
[Date "2009.??.??"]
[Round "?"]
[White "Kuta, Jiri"]
[Black "Pecka, Josef"]
[Result "1/2-1/2"]
[WhiteElo "2375"]
[BlackElo "2292"]
[PlyCount "63"]
[EventDate "2009.??.??"]
[EventType "corr"]
[EventRounds "2"]

1. d4 Nf6 2. c4 g6 3. Nc3 Bg7 4. e4 d6 5. Be2 O-O 6. Nf3 e5 7. O-O Nc6 8. d5
Ne7 9. b4 Nh5 10. Re1 f5 11. Ng5 Nf6 12. Bf3 c6 13. Bb2 h6 14. Ne6 Bxe6 15.
dxe6 fxe4 16. Nxe4 Nxe4 17. Rxe4 Nf5 18. b5 Rc8 19. Re1 Re8 20. Be4 Rxe6 21.
Qd3 a6 22. bxc6 bxc6 23. Rab1 Qc7 24. Ba3 Rf6 25. Rb2 Kh7 26. Reb1 Qa5 27. Bb4
Qd8 28. Be1 d5 29. cxd5 Nd6 30. dxc6 Nxe4 31. Qxe4 Rfxc6 32. Rd2 1/2-1/2

[Event "9MCRV_F"]
[Site "?"]
[Date "2009.??.??"]
[Round "?"]
[White "Novak, Vratislav"]
[Black "Hladecek, Miloslav"]
[Result "1/2-1/2"]
[WhiteElo "2278"]
[BlackElo "2374"]
[PlyCount "45"]
[EventDate "2009.??.??"]
[EventType "corr"]
[EventRounds "2"]

1. e4 e6 2. d4 d5 3. Nc3 Nf6 4. Bg5 dxe4 5. Nxe4 Nbd7 6. Nf3 Be7 7. Nxf6+ Bxf6
8. Bxf6 Nxf6 9. Bc4 O-O 10. Qe2 b6 11. O-O Bb7 12. Rad1 Bxf3 13. Qxf3 Qd7 14.
d5 exd5 15. Bxd5 Nxd5 16. Qxd5 Qa4 17. b3 c6 18. bxa4 cxd5 19. Rxd5 Rad8 20. c4
Rxd5 21. cxd5 Rd8 22. Rd1 Kf8 23. a5 1/2-1/2

[Event "9MCRV_F"]
[Site "?"]
[Date "2009.??.??"]
[Round "?"]
[White "Novak, Vratislav"]
[Black "Sykora, Josef"]
[Result "1/2-1/2"]
[WhiteElo "2278"]
[BlackElo "2314"]
[PlyCount "43"]
[EventDate "2009.??.??"]
[EventType "corr"]
[EventRounds "2"]

1. e4 c6 2. d4 d5 3. e5 c5 4. dxc5 e6 5. Nf3 Bxc5 6. Bd3 Ne7 7. O-O Nbc6 8. Bf4
Ng6 9. Bg3 O-O 10. Nbd2 Nb4 11. Be2 a5 12. c4 dxc4 13. Bxc4 b6 14. Ne4 Qxd1 15.
Rfxd1 Ba6 16. Bxa6 Nxa6 17. a3 Rfd8 18. Rac1 Rxd1+ 19. Rxd1 Be7 20. Nd6 Kf8 21.
Nc4 Rd8 22. Rxd8+ 1/2-1/2

[Event "9MCRV_F"]
[Site "?"]
[Date "2009.??.??"]
[Round "?"]
[White "Valak, Alois"]
[Black "Pecka, Josef"]
[Result "1/2-1/2"]
[WhiteElo "2335"]
[BlackElo "2292"]
[PlyCount "96"]
[EventDate "2009.??.??"]
[EventType "corr"]
[EventRounds "2"]

1. d4 d5 2. c4 c6 3. Nf3 Nf6 4. Nc3 dxc4 5. a4 Bf5 6. Ne5 e6 7. f3 Bb4 8. e4
Bxe4 9. fxe4 Nxe4 10. Bd2 Qxd4 11. Nxe4 Qxe4+ 12. Qe2 Bxd2+ 13. Kxd2 Qd5+ 14.
Kc2 Na6 15. Nxc4 O-O 16. Qe5 Rab8 17. h4 Rfd8 18. Rh3 Qd7 19. Qc3 c5 20. Ne5
Qc7 21. Rc1 Rd4 22. Re3 Rxa4 23. Kb1 Rxh4 24. Bxa6 bxa6 25. Qxc5 Qxc5 26. Rxc5
h5 27. Re2 Rb7 28. Nf3 Rh1+ 29. Ka2 Kh7 30. Ra5 Kh6 31. Rxa6 g5 32. Rc6 g4 33.
Ne5 Rd1 34. Rc5 Rd4 35. Kb1 h4 36. Rc8 f6 37. Nc6 Rd6 38. Na5 Re7 39. b3 Kg5
40. Rg8+ Kf4 41. Nc4 Rd1+ 42. Kc2 Rg1 43. Rf2+ Kg3 44. Rf3+ Kxg2 45. Rxf6 Kh3
46. Rh8 Rg2+ 47. Kc3 Kg3 48. Ne3 Re2 1/2-1/2